01046nmc a2200349 a 4500003000900000005001700009008004100026020001800067040001300085100002800098245005600126260003200182300001600214490005000230500006200280600003100342600001900373600002900392600003500421600002100456600002500477600002500502650002200527650001700549650002300566650002400589651001200613653001800625653001500643653002300658655001500681AR-BaBNM20251128204845.0156019s1987 ||||||||||||||000 | spa|| a84-7639-043-2 cAR-BaBNM1 aTodó, Lluís María10aEl simbolismobel nacimiento de la poesía moderna aBarcelonabMontesinosc19870 a136 p.bil. 0aBiblioteca de divulgación temáticavv. 440 aContiene referencias bibliográficas al final de la obra14aBaudelaire, Charles Pierre14aVerlaine, Paul14aCros, Charlesd1842-188814aCorbiere, Tristánd1845-187514aNouveau, Germain14aRimbaud, Jean Arthur14aMallarmé, Stephane 4aCRITICA LITERARIA 4aROMANTICISMO 4aLITERATURA MODERNA 4aFILOSOFIA LITERARIA 4aFrancia aPARNASIANISMO aMODERNISMO aINFLUENCIA CLASICA aLITERATURA